000 002820000a22001090004500
100 1 _aOrellana, Eugenio
245 1 0 _aLos caminos imprevistos
300 _aVol.47, núm.200 (1992), Páginas 8-9
650 1 4 _aLIDERAZGO CRISTIANO
773 0 _tLa Biblia en las Américas
942 _cANA
999 _c62890
_d62890